000 00640nam a2200241Ia 4500
003 OSt
005 20221005125650.0
006 a|||||r|||| 00| 0
007 ta
008 221004b |||||||| |||| 00| 0 eng d
024 _a63838
037 _cTextual
040 _aCRL
_cCRL
_beng
041 _2eng
_aeng
082 _aW:2z7, J7
100 _aLoewenstein Karl
_9119394
245 0 _aPolitical power and the governmental process
260 _c1957
490 _aCharles R Walgreen foundation lectures
650 _aPOLITICAL SCIENCE
942 _hW:2z7, J7
_cTEXL
_2cc
999 _c1054682
_d1054682